| 000 | 00789nam a2200265 a 4500 | ||
|---|---|---|---|
| 008 | |||
| 020 | _a8120320700 (pbk.) | ||
| 049 | _aMAIN | ||
| 090 |
_aHF5415.32 _bSCH |
||
| 100 | 1 | _aSchiffman, Leon G. | |
| 245 | 1 | 0 |
_aConsumer behavior / _cLeon G. Schiffman and Leslie Lazar Kanuk. |
| 250 | _a7th ed. | ||
| 260 |
_aNew Delhi : _bPrentice Hall, _c2002. |
||
| 300 |
_axiii, 469 p. : _bill. ; _c26 cm. |
||
| 504 | _aIncludes bibliographical references. | ||
| 500 | _aIncludes index. | ||
| 650 | 0 | _aConsumer behavior. | |
| 650 | 0 | _aMotivation research (Marketing). | |
| 700 | 1 | _aKanuk, Leslie Lazar. | |
| 907 |
_a.b10126065 _b27-11-13 _c10-06-04 |
||
| 003 | |||
| 005 | 20230123133736.0 | ||
| 040 | _cNUST | ||
| 942 |
_cBOOKS _kHF5415.32 _mSCH |
||
| 999 |
_c153848 _d153848 |
||